000 00680cab a2200217 4500
001 WB3207-11
008 090401t1996 xxu||||| |||| 00| 0 eng d
035 _a(Sirsi) u27839
041 _aeng
245 _aGermans buy British
260 _c1996
350 _a0
490 _aObserver
_v11 February 1996, 7(1)
520 _aHighlights the extent of German acquisitions of British property, only restricted by the lack of suitable buildings.
650 _aFOREIGN INVESTMENT-GERMANY
650 _aGERMANY
650 _aOPEN-ENDED PROPERTY FUNDS
690 _aPROPERTY-COMMERCIAL PROPERTY-COMMERCIAL PROPERTY FINANCE AND INVESTMENT
942 _n0
948 _c04/03/1997
999 _c18761
_d18761